| 000 | 00657nam a2200217 u 4500 | ||
|---|---|---|---|
| 005 | 20240228064020.0 | ||
| 008 | 101013s2003 r 000 0 eng d | ||
| 020 | _a9505813740 | ||
| 035 | _aUPN01000178188 | ||
| 049 | _aI | ||
| 050 | 4 |
_aPZ78 _bR4.6 |
|
| 100 | 1 |
_aRey, Rosa María _942130 |
|
| 245 | 1 | 3 |
_aEl perro inventado ; Cosas de perros / _cRosa María Rey ; il. de Irma Dariozzi. |
| 260 |
_aBuenos Aires : _bColihue, _c2003. |
||
| 300 |
_a32 p. : _bil. col. |
||
| 440 | 0 | _aCon cuento sin cuento | |
| 650 | 4 |
_aLibros y lectura para niños _92290 |
|
| 650 | 4 |
_aPerros _vLiteratura infantil _98585 |
|
| 740 | 0 | _aCosas de perros | |
| 905 | _aInfantil | ||
| 999 |
_c150291 _d150291 |
||